00373nam a2200145Ia 4500008004100000041001200041082001100053100001900064245006900083250000800152260003000160300000900190650000800199700002000207221030s9999 xx 000 0 und d aEnglish a105.23 aR. A. Barapate 0aElectromagnetic Field Theorycby R. A. Barapate, Kulwinder Singh a2nd bTech-Max Pub.aPunec2001 a7-49 aEMT aKulwinder Singh